| 000 | 02064nam0a2200349 4500 | ||
|---|---|---|---|
| 001 | RU\NLR\BIBL_A\012802537 | ||
| 005 | 20220809111529.0 | ||
| 010 |
_a978-5-94154-235-2 _950 |
||
| 021 |
_aRU _bКН-П-22-012560 _9КН-П-22-1065 |
||
| 035 | _a(NLR Aleph) 012802537 | ||
| 035 | _a(RuMoRGB)010995132 | ||
| 090 |
_a13187446 _c13187446 |
||
| 100 | _a20220527d2021 u y0rusy50 ca | ||
| 101 | 0 | _arus | |
| 102 | _aRU | ||
| 105 | _aac||z|||000zy | ||
| 181 | 0 |
_ai _baxxe |
|
| 181 | 0 |
_ab1 _bbb2e |
|
| 182 | 0 | _an | |
| 200 | 1 |
_aПерипетии судеб _e[сборник] _fРина Бард |
|
| 203 |
_aТекст _aИзображение _bвизуальные _cнепосредственные |
||
| 210 |
_aТомск _cДельтаплан _d2021 |
||
| 215 |
_a211 с. _cил., портр. _d21 |
||
| 327 | 0 | _aСодерж.: Снегири; Удары судьбы; Случайный пассажир; Утраченные иллюзии; Поездка к сыну; Человек - родник, или О счастье; Письмо юбилярши; Шапка; Иван Харин; "Умная" фасоль [и др.] | |
| 330 | _aВ пятой книге Р. Бард - правда жизни глазами автора, который умеет любить и ненавидеть. Слово пишущего, исполненное благодарности че-ло-ве-ку, а подчас скорбящее и негодующее от безумия человеческих <деяний>. Но, как бы то ни было, эта неисчерпаемая тема лежит в основе всех произведений сборника <Перипетии судеб>, книга также содержит рассказы для детей | ||
| 686 | 2 | _aШ6(2=Р)8-440.5 | |
| 700 | 1 |
_aБард _bР. В. _gРина Владимировна |
|
| 942 | _cBOOK | ||
| 980 | _aNB | ||